LEADER 01525nam1 2200421 450 001 990002763750203316 005 20060620141342.0 035 $a000276375 035 $aUSA01000276375 035 $a(ALEPH)000276375USA01 035 $a000276375 100 $a20060620d1992----km-y0itay50------ba 101 $afre 102 $aFR 105 $aa---||||001yy 200 1 $aBasiliques chretiennes d'Afrique du nord$einventaire et typologie$ftexte initial par Isabelle Gui$grevise et complete par Noel Duval et Jean-Pierre Caillet 210 $aParis$cInstitut d'etudes augustiniennes$d1992 215 $a2 v.$cill.$d28 cm 225 2 $aCollection des études augustiniennes$iAntiquite 410 0$12001$aCollection des études augustiniennes$iAntiquite 454 1$12001 461 1$1001-------$12001 463 \1$1001990002763780203316$12001 $a<<1.1>> : Inventaire des monuments de l'Algerie. [1]: texte 463 \1$1001990002763820203316$12001 $a<<1.2>> : Inventaire des monuments de l'Algerie. [2]: illustrations 606 0 $aArcheologia cristiana$yAlgeria$zSec. 4.-7. 676 $a939.7 700 1$aGUI,$bIsabelle$0593657 702 1$aDUVAL,$bNoel 702 1$aCAILLET,$bJean-Pierre 801 0$aIT$bsalbc$gISBD 912 $a990002763750203316 951 $aI A U GUI 1/$bDBC$cI A U 959 $aBK 969 $aDBC 979 $aDBC$b90$c20060620$lUSA01$h1413 979 $aCHIARA$b90$c20160108$lUSA01$h1132 996 $aBasiliques chretiennes d'Afrique du nord$9997826 997 $aUNISA LEADER 01053nlm0 22003131i 450 001 990009878670403321 005 20140708091419.0 010 $a9781845932084 035 $a000987867 035 $aFED01000987867 035 $a(Aleph)000987867FED01 035 $a000987867 100 $a20140708d2007----km-y0itay0103----ba 101 0 $aeng 135 $adrnn-008mamaa 200 1 $a<>global theme park industry$bRisorsa elettronica$fSalvador Anton Clavé 210 $aWallingford, U.K. ; Cambridge, Mass.$cCABI$cOvid [distributor]$d2007 230 $aDocumento elettronico 336 $aTesto 337 $aFormato pdf 676 $a791.068 700 1$aClavé,$bSalvador Anton$0436502 801 3$aIT$bUNINA$gREICAT$2UNIMARC 856 4 $zFull text per gli utenti Federico II$uhttp://ovidsp.ovid.com/ovidweb.cgi?T=JS&PAGE=booktext&NEWS=N&DF=bookdb&AN=01434576/1st_Edition&XPATH=/PG(0) 901 $aEB 912 $a990009878670403321 961 $aAmusement parks$aHistory 996 $aGlobal theme park industry$9826977 997 $aUNINA